| 000 | 00994nam a2200229 a 4500 | ||
|---|---|---|---|
| 001 | BRCA_1364 | ||
| 005 | 20190320203408.0 | ||
| 008 | 950323s1995 mx-a---###---#000-0#spa-# | ||
| 020 | _a9686258469 | ||
| 040 |
_aDLC _cDLC |
||
| 050 | 4 |
_aNK8214 _b.A78 1995 |
|
| 245 | 1 | 0 |
_aEl arte de la herrería en México _cintroducción Guillermo Tovar de Teresa ; textos Efraín Castro Morales ; fotografías José Ignacio González Manterola. |
| 260 |
_aMéxico _bGrupo Financiero Bancomer _c1995 |
||
| 300 |
_a228 p. _bil. a color _c35 cm. |
||
| 500 | _aIncluye piezas de la colección Franz Mayer: p. [62], 64, 73, 109-110, 145, 147, 150, [153] y [216] | ||
| 650 | 1 | 4 |
_aEstructuras de hierro _vTrabajos Ilustrados _xHistoria _zMéxico _94467 |
| 650 | 1 | 4 |
_aEstructuras de hierro arquitectónicas _vTrabajos Ilustrados _xHistoria _zMéxico _94468 |
| 700 | 1 |
_aGonzález Manterola, José Ignacio _92339 |
|
| 700 | 1 |
_aTovar de Teresa, Guillermo _93098 |
|
| 700 | 1 |
_aCastro Morales, Efraín _94469 |
|
| 942 |
_2lcc _cB |
||
| 999 |
_c1226 _d1226 |
||